Físicoquímica
Salvato in:
| Autore principale: | |
|---|---|
| Natura: | Libro |
| Lingua: | spagnolo |
| Pubblicazione: |
Ciudad de México
McGraw-Hill Interamericana
2008
|
| Edizione: | 1a. ed |
| Soggetti: | |
| Tags: |
Aggiungi Tag
Nessun Tag, puoi essere il primo ad aggiungerne!!
|
MARC
| LEADER | 00000cam a2200000 a 4500 | ||
|---|---|---|---|
| 001 | UCF6503 | ||
| 003 | CL-VaPUC | ||
| 008 | 130503e20080000MX |||||||||||||||||spa|d | ||
| 020 | |a 9789701066522 | ||
| 082 | 0 | 4 | |a 539 |b CHA |2 21 |
| 100 | 0 | |a Chang, Raymond |e author |9 568478 | |
| 245 | 1 | 0 | |a Físicoquímica |
| 250 | |a 1a. ed | ||
| 300 | |a 1018 p | ||
| 942 | |c BK | ||
| 945 | |d 20130503 00:00:00 |a cmena | ||
| 260 | |a Ciudad de México |b McGraw-Hill Interamericana |c 2008 | ||
| 650 | 0 | |a Termodinámica |9 259320 | |
| 650 | 0 | |a Mecánica clásica |9 368211 | |
| 650 | 0 | |a Equilibrio químico |9 259943 | |
| 650 | 0 | |a Estados de la Materia |9 347141 | |
| 650 | 0 | |a Teoría cuántica |9 266148 | |
| 650 | 0 | |a Cinética química |9 344779 | |
| 583 | |a last modification |c 20180403 11:38:26 |k Rodrigo Vera | ||
| 999 | |c 351672 |d 351670 | ||
| 952 | |0 0 |1 0 |4 0 |6 539_000000000000000_CHA_2008 |7 0 |8 A |9 455917 |a BIBCUR |b BIBCUR |d 2019-11-22 |i 496912K |l 2 |m 1 |o 539 CHA 2008 |p 496912K |r 2025-04-22 |s 2023-10-05 |w 2019-11-22 |y BK |k QUI | ||
| 952 | |0 0 |1 0 |4 0 |6 539_000000000000000_CHA_2008 |7 0 |8 A |9 455918 |a BIBCUR |b BIBCUR |d 2019-11-22 |i 4969138 |l 5 |o 539 CHA 2008 |p 4969138 |r 2025-04-22 |s 2024-05-20 |w 2019-11-22 |y BK |k QUI | ||
| 952 | |0 0 |1 0 |4 0 |6 539_000000000000000_CHA_2008 |7 0 |8 A |9 455919 |a BIBCUR |b BIBCUR |d 2019-11-22 |i 4969146 |l 6 |o 539 CHA 2008 |p 4969146 |r 2025-04-22 |s 2024-06-11 |w 2019-11-22 |y BK |k QUI | ||
| 952 | |0 0 |1 0 |4 0 |6 539_000000000000000_CHA_2008 |7 0 |8 A |9 455920 |a BIBCUR |b BIBCUR |d 2019-11-22 |i 4969154 |l 2 |m 1 |o 539 CHA 2008 |p 4969154 |r 2025-04-22 |s 2023-09-04 |w 2019-11-22 |y BK |k QUI | ||
| 952 | |0 0 |1 0 |4 0 |6 539_000000000000000_CHA_2008 |7 0 |8 A |9 455921 |a BIBCUR |b BIBCUR |d 2019-11-22 |i 4969162 |l 4 |m 1 |o 539 CHA 2008 |p 4969162 |r 2025-04-22 |s 2025-03-13 |w 2019-11-22 |y BK |k QUI | ||
| 952 | |0 0 |1 0 |4 0 |6 539_000000000000000_CHA_2008 |7 0 |8 A |9 455922 |a BIBCUR |b BIBCUR |d 2019-11-22 |i 4969170 |l 7 |m 1 |o 539 CHA 2008 |p 4969170 |r 2025-04-22 |s 2023-05-03 |w 2019-11-22 |y BK |k QUI | ||
| 952 | |0 0 |1 0 |4 0 |6 539_000000000000000_CHA_2008 |7 0 |8 A |9 455923 |a BIBCUR |b BIBCUR |d 2019-11-22 |i 4969189 |l 1 |o 539 CHA 2008 |p 4969189 |r 2025-04-22 |s 2023-04-04 |w 2019-11-22 |y BK |k QUI | ||
| 952 | |0 0 |1 0 |4 0 |6 539_000000000000000_CHA_2008 |7 0 |8 A |9 455924 |a BIBCUR |b BIBCUR |d 2019-11-22 |i 4969197 |o 539 CHA 2008 |p 4969197 |r 2025-04-22 |w 2019-11-22 |y BK |k QUI | ||
| 952 | |0 0 |1 0 |4 0 |6 539_000000000000000_CHA_2008 |7 0 |8 A |9 455925 |a BIBCUR |b BIBCUR |d 2019-11-22 |i 4969200 |l 8 |m 2 |o 539 CHA 2008 |p 4969200 |r 2025-01-17 |s 2024-12-18 |w 2019-11-22 |y BK |k QUI | ||
| 952 | |0 0 |1 0 |4 0 |6 539_000000000000000_CHA_2008 |7 0 |8 A |9 455926 |a BIBCUR |b BIBCUR |d 2019-11-22 |i 4971205 |l 4 |o 539 CHA 2008 |p 4971205 |r 2025-04-22 |s 2023-06-28 |w 2019-11-22 |y BK |k QUI | ||